Misiones populares y liturgia
Furkejuvvon:
| Váldodahkkit: | , |
|---|---|
| Materiálatiipa: | Girji |
| Giella: | espánnjágiella |
| Almmustuhtton: |
Madrid
Ediciones Maroya
1963
|
| Preanttus: | 2a. ed |
| Ráidu: | Christus Pastor
Colección de Pastoral Litúrgica, 5 |
| Fáttát: | |
| Fáddágilkorat: |
Lasit fáddágilkoriid
Eai fáddágilkorat, Lasit vuosttaš fáddágilkora!
|
MARC
| LEADER | 00000cam a2200000 a 4500 | ||
|---|---|---|---|
| 001 | UCE9659 | ||
| 003 | CL-VaPUC | ||
| 008 | 151029e19630000sp |||||||||||||||||spa|d | ||
| 082 | 0 | 4 | |a 266 |b KRE |2 21 |
| 100 | 0 | |a Kretz, E |e author |9 582540 | |
| 700 | 0 | |a Hitz, P |e author |9 582541 | |
| 245 | 1 | 0 | |a Misiones populares y liturgia |
| 250 | |a 2a. ed | ||
| 300 | |a 102 p | ||
| 942 | |c BK | ||
| 945 | |d 20151029 22:28:00 |a gsalatino | ||
| 260 | |a Madrid |b Ediciones Maroya |c 1963 | ||
| 650 | 7 | |a MISIONES CRISTIANAS |2 CL-VaPUC |9 469982 | |
| 650 | 7 | |a LITURGIA |2 CL-VaPUC |9 582542 | |
| 650 | 7 | |a EVANGELIZACION |2 CL-VaPUC |9 582543 | |
| 650 | 0 | |a Cristianismo |9 257361 | |
| 583 | |a last modification |c 20151029 22:28:00 |k Rodrigo Vera | ||
| 490 | 0 | |a Christus Pastor | |
| 490 | 0 | |a Colección de Pastoral Litúrgica, 5 | |
| 999 | |c 361304 |d 361302 | ||
| 952 | |0 0 |1 0 |3 erb |4 0 |6 266_000000000000000_KRE_1963 |7 0 |8 P |9 471737 |a BIBTEO |b BIBTES |c TEO_FTES |i 5207835 |o 266 KRE 1963 |p 5207835 |r 2024-01-18 |w 2019-11-24 |y BK |z Catalogado en:20151029 |k ICR | ||